MARC

LEADER 00000nam0a2200000 4500
001 21146
005 20231030192349.0
035 |a (RuTPU)RU\TPU\book\21344 
035 |a BOOK00006037 
090 |a 21146 
100 |a 20011209d1956 km y0rusy50 ca 
101 1 |a rus  |c eng 
102 |a RU 
105 |a y z 000zy 
200 1 |a Наука в истории общества  |e пер. с англ.  |f Дж. Д. Бернал 
210 |a Москва  |c Изд-во иностранной литературы  |d 1956 
215 |a 735 с. 
610 1 |a наука 
610 1 |a история 
610 1 |a Древний мир 
610 1 |a средние века 
610 1 |a промышленные революции 
610 1 |a естественные науки 
610 1 |a техника 
610 1 |a общественные науки 
675 |a 5  |v 3 
700 1 |a Бернал  |b Дж. Д.  |g Джон Десмонд 
801 0 |a RU  |b 63413507  |c 20011209  |g PSBO 
801 2 |a RU  |b 63413507  |c 20141231  |g PSBO 
900 |a Методы научного познания 
942 |c BK